<?xml version="1.0" encoding="UTF-8"?>
<record
    xmlns:xsi="http://www.w3.org/2001/XMLSchema-instance"
    xsi:schemaLocation="http://www.loc.gov/MARC21/slim http://www.loc.gov/standards/marcxml/schema/MARC21slim.xsd"
    xmlns="http://www.loc.gov/MARC21/slim">

  <leader>     nam a22     7a 4500</leader>
  <datafield tag="999" ind1=" " ind2=" ">
    <subfield code="c">48714</subfield>
    <subfield code="d">48714</subfield>
  </datafield>
  <controlfield tag="003">OSt</controlfield>
  <controlfield tag="005">20190830150238.0</controlfield>
  <controlfield tag="008">190830b        xxu||||| |||| 00| 0 eng d</controlfield>
  <datafield tag="040" ind1=" " ind2=" ">
    <subfield code="c">IIMT GR. NOIDA</subfield>
  </datafield>
  <datafield tag="100" ind1=" " ind2=" ">
    <subfield code="a">SHARMA, SANJAY</subfield>
  </datafield>
  <datafield tag="245" ind1=" " ind2=" ">
    <subfield code="a">BASIC ELECTRONICS</subfield>
  </datafield>
  <datafield tag="260" ind1=" " ind2=" ">
    <subfield code="a">N.DELHI</subfield>
    <subfield code="b">CATSON</subfield>
    <subfield code="c">2019</subfield>
  </datafield>
  <datafield tag="300" ind1=" " ind2=" ">
    <subfield code="a">801</subfield>
  </datafield>
  <datafield tag="942" ind1=" " ind2=" ">
    <subfield code="2">ddc</subfield>
    <subfield code="c">01</subfield>
  </datafield>
  <datafield tag="952" ind1=" " ind2=" ">
    <subfield code="0">0</subfield>
    <subfield code="1">0</subfield>
    <subfield code="2">ddc</subfield>
    <subfield code="4">0</subfield>
    <subfield code="7">0</subfield>
    <subfield code="a">29</subfield>
    <subfield code="b">29</subfield>
    <subfield code="d">2019-08-30</subfield>
    <subfield code="e">KIRTI</subfield>
    <subfield code="g">595.00</subfield>
    <subfield code="i">IN 4034 5/6/19</subfield>
    <subfield code="l">2</subfield>
    <subfield code="p">29-B-97</subfield>
    <subfield code="q">2026-07-31</subfield>
    <subfield code="r">2026-04-07</subfield>
    <subfield code="s">2026-04-07</subfield>
    <subfield code="w">2019-08-30</subfield>
    <subfield code="y">02</subfield>
  </datafield>
  <datafield tag="952" ind1=" " ind2=" ">
    <subfield code="0">0</subfield>
    <subfield code="1">0</subfield>
    <subfield code="2">ddc</subfield>
    <subfield code="4">0</subfield>
    <subfield code="7">0</subfield>
    <subfield code="a">29</subfield>
    <subfield code="b">29</subfield>
    <subfield code="d">2019-08-30</subfield>
    <subfield code="e">KIRTI</subfield>
    <subfield code="g">595.00</subfield>
    <subfield code="i">IN 4034 5/6/19</subfield>
    <subfield code="l">3</subfield>
    <subfield code="p">29-B-98</subfield>
    <subfield code="r">2026-05-01</subfield>
    <subfield code="s">2026-03-20</subfield>
    <subfield code="w">2019-08-30</subfield>
    <subfield code="y">02</subfield>
  </datafield>
  <datafield tag="952" ind1=" " ind2=" ">
    <subfield code="0">0</subfield>
    <subfield code="1">0</subfield>
    <subfield code="2">ddc</subfield>
    <subfield code="4">0</subfield>
    <subfield code="7">0</subfield>
    <subfield code="a">29</subfield>
    <subfield code="b">29</subfield>
    <subfield code="d">2019-08-30</subfield>
    <subfield code="e">KIRTI</subfield>
    <subfield code="g">595.00</subfield>
    <subfield code="i">IN 4034 5/6/19</subfield>
    <subfield code="l">4</subfield>
    <subfield code="p">29-B-99</subfield>
    <subfield code="q">2026-07-31</subfield>
    <subfield code="r">2026-04-07</subfield>
    <subfield code="s">2026-04-07</subfield>
    <subfield code="w">2019-08-30</subfield>
    <subfield code="y">02</subfield>
  </datafield>
  <datafield tag="952" ind1=" " ind2=" ">
    <subfield code="0">0</subfield>
    <subfield code="1">0</subfield>
    <subfield code="2">ddc</subfield>
    <subfield code="4">0</subfield>
    <subfield code="7">0</subfield>
    <subfield code="a">29</subfield>
    <subfield code="b">29</subfield>
    <subfield code="d">2019-08-30</subfield>
    <subfield code="e">KIRTI</subfield>
    <subfield code="g">595.00</subfield>
    <subfield code="i">IN 4034 5/6/19</subfield>
    <subfield code="l">0</subfield>
    <subfield code="p">29-B-100</subfield>
    <subfield code="r">2019-08-30</subfield>
    <subfield code="w">2019-08-30</subfield>
    <subfield code="y">02</subfield>
  </datafield>
  <datafield tag="952" ind1=" " ind2=" ">
    <subfield code="0">0</subfield>
    <subfield code="1">0</subfield>
    <subfield code="2">ddc</subfield>
    <subfield code="4">0</subfield>
    <subfield code="7">0</subfield>
    <subfield code="a">29</subfield>
    <subfield code="b">29</subfield>
    <subfield code="d">2019-08-30</subfield>
    <subfield code="e">KIRTI</subfield>
    <subfield code="g">595.00</subfield>
    <subfield code="i">IN 4034 5/6/19</subfield>
    <subfield code="l">0</subfield>
    <subfield code="p">29-B-101</subfield>
    <subfield code="r">2019-08-30</subfield>
    <subfield code="w">2019-08-30</subfield>
    <subfield code="y">02</subfield>
  </datafield>
  <datafield tag="952" ind1=" " ind2=" ">
    <subfield code="0">0</subfield>
    <subfield code="1">0</subfield>
    <subfield code="2">ddc</subfield>
    <subfield code="4">0</subfield>
    <subfield code="7">0</subfield>
    <subfield code="a">29</subfield>
    <subfield code="b">29</subfield>
    <subfield code="d">2019-08-30</subfield>
    <subfield code="e">KIRTI</subfield>
    <subfield code="g">595.00</subfield>
    <subfield code="i">IN 4034 5/6/19</subfield>
    <subfield code="l">2</subfield>
    <subfield code="p">29-B-102</subfield>
    <subfield code="r">2026-05-11</subfield>
    <subfield code="s">2026-03-18</subfield>
    <subfield code="w">2019-08-30</subfield>
    <subfield code="y">02</subfield>
  </datafield>
  <datafield tag="952" ind1=" " ind2=" ">
    <subfield code="0">0</subfield>
    <subfield code="1">0</subfield>
    <subfield code="2">ddc</subfield>
    <subfield code="4">0</subfield>
    <subfield code="7">0</subfield>
    <subfield code="a">29</subfield>
    <subfield code="b">29</subfield>
    <subfield code="d">2019-08-30</subfield>
    <subfield code="e">KIRTI</subfield>
    <subfield code="g">595.00</subfield>
    <subfield code="i">IN 4034 5/6/19</subfield>
    <subfield code="l">3</subfield>
    <subfield code="p">29-B-103</subfield>
    <subfield code="q">2026-07-31</subfield>
    <subfield code="r">2026-03-09</subfield>
    <subfield code="s">2026-03-09</subfield>
    <subfield code="w">2019-08-30</subfield>
    <subfield code="y">02</subfield>
  </datafield>
  <datafield tag="952" ind1=" " ind2=" ">
    <subfield code="0">0</subfield>
    <subfield code="1">0</subfield>
    <subfield code="2">ddc</subfield>
    <subfield code="4">0</subfield>
    <subfield code="7">0</subfield>
    <subfield code="a">29</subfield>
    <subfield code="b">29</subfield>
    <subfield code="d">2019-08-30</subfield>
    <subfield code="e">KIRTI</subfield>
    <subfield code="g">595.00</subfield>
    <subfield code="i">IN 4034 5/6/19</subfield>
    <subfield code="l">3</subfield>
    <subfield code="p">29-B-104</subfield>
    <subfield code="q">2026-07-31</subfield>
    <subfield code="r">2026-03-20</subfield>
    <subfield code="s">2026-03-20</subfield>
    <subfield code="w">2019-08-30</subfield>
    <subfield code="y">02</subfield>
  </datafield>
  <datafield tag="952" ind1=" " ind2=" ">
    <subfield code="0">0</subfield>
    <subfield code="1">0</subfield>
    <subfield code="2">ddc</subfield>
    <subfield code="4">0</subfield>
    <subfield code="7">0</subfield>
    <subfield code="a">29</subfield>
    <subfield code="b">29</subfield>
    <subfield code="d">2019-08-30</subfield>
    <subfield code="e">KIRTI</subfield>
    <subfield code="g">595.00</subfield>
    <subfield code="i">IN 4034 5/6/19</subfield>
    <subfield code="l">3</subfield>
    <subfield code="p">29-B-105</subfield>
    <subfield code="r">2024-09-03</subfield>
    <subfield code="s">2024-03-19</subfield>
    <subfield code="w">2019-08-30</subfield>
    <subfield code="y">02</subfield>
  </datafield>
  <datafield tag="952" ind1=" " ind2=" ">
    <subfield code="0">0</subfield>
    <subfield code="1">0</subfield>
    <subfield code="2">ddc</subfield>
    <subfield code="4">0</subfield>
    <subfield code="7">0</subfield>
    <subfield code="a">29</subfield>
    <subfield code="b">29</subfield>
    <subfield code="d">2019-08-30</subfield>
    <subfield code="e">KIRTI</subfield>
    <subfield code="g">595.00</subfield>
    <subfield code="i">IN 4034 5/6/19</subfield>
    <subfield code="l">2</subfield>
    <subfield code="p">29-B-106</subfield>
    <subfield code="r">2024-07-29</subfield>
    <subfield code="s">2024-03-07</subfield>
    <subfield code="w">2019-08-30</subfield>
    <subfield code="y">02</subfield>
  </datafield>
  <datafield tag="952" ind1=" " ind2=" ">
    <subfield code="0">0</subfield>
    <subfield code="1">0</subfield>
    <subfield code="2">ddc</subfield>
    <subfield code="4">0</subfield>
    <subfield code="7">0</subfield>
    <subfield code="a">29</subfield>
    <subfield code="b">29</subfield>
    <subfield code="d">2019-08-30</subfield>
    <subfield code="e">KIRTI</subfield>
    <subfield code="g">595.00</subfield>
    <subfield code="i">IN 4034 5/6/19</subfield>
    <subfield code="l">3</subfield>
    <subfield code="p">29-B-107</subfield>
    <subfield code="q">2026-07-31</subfield>
    <subfield code="r">2026-03-18</subfield>
    <subfield code="s">2026-03-18</subfield>
    <subfield code="w">2019-08-30</subfield>
    <subfield code="y">02</subfield>
  </datafield>
  <datafield tag="952" ind1=" " ind2=" ">
    <subfield code="0">0</subfield>
    <subfield code="1">0</subfield>
    <subfield code="2">ddc</subfield>
    <subfield code="4">0</subfield>
    <subfield code="7">0</subfield>
    <subfield code="a">29</subfield>
    <subfield code="b">29</subfield>
    <subfield code="d">2019-08-30</subfield>
    <subfield code="e">KIRTI</subfield>
    <subfield code="g">595.00</subfield>
    <subfield code="i">IN 4034 5/6/19</subfield>
    <subfield code="l">3</subfield>
    <subfield code="p">29-B-108</subfield>
    <subfield code="r">2025-07-01</subfield>
    <subfield code="s">2025-03-18</subfield>
    <subfield code="w">2019-08-30</subfield>
    <subfield code="y">02</subfield>
  </datafield>
</record>
